| 000 | 00329cam a22001097a 4500 | ||
|---|---|---|---|
| 008 | 180718b2005 xxu||||| |||| 00| 0 eng d | ||
| 020 | _a8178815605 | ||
| 245 |
_aThe art of winning at interviews _cedited by Nagasudha Ravinuthala |
||
| 260 |
_aHyderabad _bICFAI Univ. Press _c2005 |
||
| 300 | _a185p. | ||
| 700 | _aRavnuthala, Nagasudha | ||
| 999 |
_c404817 _d404817 |
||